000 00252nam a2200097Ia 4500
001 1120634
005 20250827004628.0
008 250824s9999 xx 000 0 und d
245 0 _aİNSAN VE DAVRANIŞI
_cDOĞAN CÜCELOĞLU
260 _bREMZİ KİTABEVİ
999 _c1120634
_d1120634